| 000 | 00380nam a2200157 4500 | ||
|---|---|---|---|
| 003 | CO-ViMGA | ||
| 020 | _a842635928-0 | ||
| 040 |
_aCO-ViMGA _bspa _cCO-ViMGA |
||
| 090 |
_aI _bROMu |
||
| 100 | 1 |
_aRomeo P. _91725 |
|
| 245 | 1 | 0 |
_aUna sorpresa para lilu _cRomeo P |
| 260 |
_aMadrid _bLuis vives _c2005 |
||
| 300 |
_a(26) p _bil, |
||
| 650 | 1 | 4 |
_acuentos infantiles _9487 |
| 942 |
_2ddc _cBK |
||
| 999 |
_c33578 _d33578 |
||